[Event "Wch Seniors 65 30th"]
[Site "Assisi"]
[Date "2022.11.19"]
[Round "5"]
[White "Mosca, Leonildo"]
[Black "Molchanov, Mykola"]
[Result "0-1"]
[WhiteElo "2022"]
[BlackElo "2113"]
[PlyCount "50"]
[EventDate "2022.11.15"]
[EventType "swiss"]
[EventRounds "11"]
[EventCountry "ITA"]
[SourceTitle "CBM 211 Extra"]
[Source "ChessBase"]
[SourceDate "2023.01.31"]
[SourceVersion "1"]
[SourceVersionDate "2023.01.31"]
[SourceQuality "1"]

1. e4 c5 2. c3 d5 3. exd5 Qxd5 4. d4 Bf5 5. Nf3 Nc6 6. Na3 cxd4 7. cxd4 e5 8. dxe5 Qxd1+ 9. Kxd1 0-0-0+ 10. Bd2 Bb4 11. Nc4 f6 12. Nd6+ Bxd6 13. exd6 Rxd6 14. Bc4 Nge7 15. Ke2 Bg4 16. Rac1 Nd4+ 17. Ke1 Bxf3 18. Bd5+ Kd7 19. Bxf3 Nxf3+ 20. gxf3 Nf5 21. Bf4 Re8+ 22. Kf1 Rd4 23. Bg3 h5 24. Rc7+ Kd8 25. Rxb7 h4 0-1

[Event "Wch Seniors 65 30th"]
[Site "Assisi"]
[Date "2022.11.17"]
[Round "3"]
[White "Petran, Peter"]
[Black "Mosca, Leonildo"]
[Result "1-0"]
[WhiteElo "2213"]
[BlackElo "2022"]
[PlyCount "81"]
[EventDate "2022.11.15"]
[EventType "swiss"]
[EventRounds "11"]
[EventCountry "ITA"]
[SourceTitle "CBM 211 Extra"]
[Source "ChessBase"]
[SourceDate "2023.01.31"]
[SourceVersion "1"]
[SourceVersionDate "2023.01.31"]
[SourceQuality "1"]

1. g3 e5 2. c4 Nc6 3. Bg2 g6 4. Nc3 Bg7 5. e3 d6 6. Nge2 f5 7. d3 Nf6 8. 0-0 0-0 9. Rb1 a5 10. b3 Be6 11. d4 Bf7 12. d5 Ne7 13. f4 e4 14. Bb2 c6 15. dxc6 bxc6 16. Qd2 Qc7 17. Rfd1 Rfd8 18. h3 d5 19. c5 Nd7 20. Na4 Bxb2 21. Qxb2 Rdb8 22. Nd4 Nc8 23. Rdc1 Ra7 24. Qc3 Nf8 25. Qd2 Ne6 26. Nxe6 Bxe6 27. Nc3 Ne7 28. Ne2 Bc8 29. Nd4 Kf7 30. a3 Ba6 31. Qc3 Bd3 32. Rb2 Qd7 33. Rd2 Qc7 34. g4 fxg4 35. hxg4 Qd7 36. Bh3 h5 37. Rg2 Rg8 38. Kh2 hxg4 39. Bxg4 Nf5 40. Nxf5 gxf5 41. Bh5+ 1-0

[Event "Pontevedra op-A 10th"]
[Site "Pontevedra"]
[Date "2022.07.28"]
[Round "7"]
[White "Mosca, Leonildo"]
[Black "Martinez Garcia, Ruben"]
[Result "1-0"]
[WhiteElo "2050"]
[BlackElo "1992"]
[PlyCount "123"]
[EventDate "2022.07.24"]
[EventType "swiss"]
[EventRounds "9"]
[EventCountry "ESP"]
[SourceTitle "EXT 2023"]
[Source "ChessBase"]
[SourceDate "2022.10.05"]
[SourceVersion "1"]
[SourceVersionDate "2022.10.05"]
[SourceQuality "1"]

1. e4 c5 2. Nf3 d6 3. Bb5+ Nc6 4. 0-0 Bd7 5. Re1 Ne5 6. Bxd7+ Qxd7 7. Nxe5 dxe5 8. d3 Rd8 9. Be3 c4 10. Bxa7 cxd3 11. cxd3 Qxd3 12. Qxd3 Rxd3 13. Nc3 e6 14. Rad1 Rxd1 15. Rxd1 Nf6 16. f3 Bb4 17. a3 Bxc3 18. bxc3 Nd7 19. Rb1 Ke7 20. Rxb7 Rc8 21. Rb3 Rc7 22. Be3 Kd6 23. Kf2 f5 24. Ke2 fxe4 25. fxe4 Nf6 26. Kd3 Rd7 27. Rb4 Kc6+ 28. Ke2 Rb7 29. Rxb7 Kxb7 30. Kd3 Kc6 31. a4 Nd7 32. a5 Nb8 33. c4 Na6 34. Bf2 g6 35. Kc3 h5 36. h4 Nb8 37. Kb4 Na6+ 38. Ka4 Nb8 39. Bg3 Nd7 40. Bf2 Nb8 41. Kb4 Na6+ 42. Kc3 Nb8 43. Bb6 Na6 44. Kb3 Nb8 45. Bd8 Na6 46. Be7 Nb8 47. Ka4 Na6 48. c5 Nb8 49. Bd6 Nd7 50. a6 Nf6 51. a7 Kb7 52. Bb8 Ne8 53. c6+ Ka8 54. Kb4 g5 55. hxg5 h4 56. g6 h3 57. gxh3 Nc7 58. Bxc7 Kxa7 59. g7 Ka6 60. g8Q Ka7 61. Qb8+ Ka6 62. Qb6# 1-0

[Event "Pontevedra op-A 10th"]
[Site "Pontevedra"]
[Date "2022.07.26"]
[Round "4"]
[White "Sarabando, Rodrigo Andias"]
[Black "Mosca, Leonildo"]
[Result "1-0"]
[WhiteElo "1915"]
[BlackElo "2050"]
[PlyCount "103"]
[EventDate "2022.07.24"]
[EventType "swiss"]
[EventRounds "9"]
[EventCountry "ESP"]
[SourceTitle "EXT 2023"]
[Source "ChessBase"]
[SourceDate "2022.10.05"]
[SourceVersion "1"]
[SourceVersionDate "2022.10.05"]
[SourceQuality "1"]

1. d4 Nf6 2. c4 c5 3. d5 b5 4. cxb5 a6 5. bxa6 Bxa6 6. Nf3 d6 7. g3 g6 8. Bg2 Nbd7 9. 0-0 Bg7 10. Nc3 0-0 11. Rb1 Nb6 12. b3 Qc7 13. Re1 Nfd7 14. Bb2 Rfc8 15. a4 Ne5 16. Nxe5 Bxe5 17. Qc2 Nd7 18. Bc1 Bg7 19. Bd2 Rcb8 20. Na2 Qa7 21. Be3 Ne5 22. h3 Bc8 23. g4 f5 24. f4 Nf7 25. g5 Qd7 26. Nc3 Ba6 27. Bd2 Ra7 28. Kh2 Rab7 29. h4 c4 30. bxc4 Bxc4 31. e4 Bb3 32. Qd3 fxe4 33. Qh3 Bxc3 34. Bxc3 Bxd5 35. Rxb7 Qxb7 36. Qe3 Qb3 37. a5 Rc8 38. Rc1 e5 39. Bh3 Rc5 40. f5 Rxa5 41. h5 Ra2+ 42. Kg1 Qb5 43. hxg6 hxg6 44. fxg6 Nd8 45. Bxe5 dxe5 46. Rc8 Ra8 47. Bf1 Qd7 48. Bh3 Qb7 49. Qc5 Rxc8 50. Bxc8 Qc6 51. Qe7 Qc1+ 52. Kh2 1-0

[Event "Porto San Giorgio op 24th"]
[Site "Porto San Giorgio"]
[Date "2013.08.24"]
[Round "4"]
[White "Mosca, Leonildo"]
[Black "Vezzosi, Paolo"]
[Result "0-1"]
[WhiteElo "2115"]
[BlackElo "2281"]
[PlyCount "88"]
[EventDate "2013.08.21"]
[EventType "swiss"]
[EventRounds "9"]
[EventCountry "ITA"]
[SourceTitle "CBM 156 Extra"]
[Source "ChessBase"]
[SourceDate "2013.10.22"]
[SourceVersion "1"]
[SourceVersionDate "2013.10.22"]
[SourceQuality "1"]

1. e4 c5 2. Nf3 Nc6 3. Bb5 e6 4. Bxc6 bxc6 5. 0-0 d5 6. d3 Nf6 7. Nc3 Be7 8. Qe2 Ba6 9. b3 0-0 10. Nd2 Qa5 11. Bb2 d4 12. Ncb1 e5 13. Na3 Qc7 14. Nac4 Rae8 15. Rae1 Bc8 16. h3 Bd8 17. Qf3 Re6 18. Kh1 h6 19. Bc1 Nd7 20. Qg3 Bg5 21. Nf3 Bf4 22. Bxf4 exf4 23. Qh2 Nf6 24. g3 fxg3 25. fxg3 Ba6 26. Ncd2 Qd8 27. Nh4 g6 28. a4 Kg7 29. Qf2 Nh7 30. Nhf3 f6 31. Kh2 Ng5 32. h4 Nf7 33. h5 g5 34. g4 Ree8 35. Qg3 Qa5 36. Qf2 Ne5 37. Qg2 Qc7 38. Nxe5 fxe5 39. Rf3 Rf4 40. Ref1 Qd7 41. Rxf4 exf4 42. Nf3 Bc8 43. Rg1 Qf7 44. Qd2 Bxg4 0-1

[Event "Porto San Giorgio op 24th"]
[Site "Porto San Giorgio"]
[Date "2013.08.21"]
[Round "1"]
[White "Mosca, Leonildo"]
[Black "Dvirnyy, Danyyil"]
[Result "0-1"]
[WhiteElo "2115"]
[BlackElo "2549"]
[PlyCount "56"]
[EventDate "2013.08.21"]
[EventType "swiss"]
[EventRounds "9"]
[EventCountry "ITA"]
[SourceTitle "CBM 156 Extra"]
[Source "ChessBase"]
[SourceDate "2013.10.22"]
[SourceVersion "1"]
[SourceVersionDate "2013.10.22"]
[SourceQuality "1"]

1. e4 d6 2. d4 Nf6 3. Nc3 e5 4. dxe5 dxe5 5. Qxd8+ Kxd8 6. Bc4 Be6 7. Bxe6 fxe6 8. Nf3 Bd6 9. Bg5 Nc6 10. 0-0-0 Ke7 11. Bh4 a6 12. Nd2 b5 13. f3 Rhb8 14. Rhf1 h6 15. Bf2 Nd7 16. Be3 Nb6 17. g3 b4 18. Ne2 a5 19. f4 a4 20. Bxb6 cxb6 21. Nc4 Bc7 22. fxe5 Bxe5 23. Nf4 Bxf4+ 24. Rxf4 b5 25. Nd6 Ne5 26. Rf2 Ra6 27. Rfd2 Rc6 28. Kb1 Rbb6 0-1

[Event "Padova op-A 15th"]
[Site "Padova"]
[Date "2012.12.23"]
[Round "9"]
[White "Mosca, Leonildo"]
[Black "Giuriato, Sergio"]
[Result "1/2-1/2"]
[WhiteElo "2113"]
[BlackElo "1959"]
[PlyCount "78"]
[EventDate "2012.12.16"]
[EventType "swiss"]
[EventRounds "9"]
[EventCountry "ITA"]
[SourceTitle "EXT 2024"]
[Source "ChessBase"]
[SourceDate "2023.10.10"]
[SourceVersion "1"]
[SourceVersionDate "2023.10.10"]
[SourceQuality "1"]

1. e4 e5 2. Nf3 Nc6 3. Bc4 Nf6 4. d3 Bc5 5. c3 d6 6. Bb3 h6 7. Nbd2 a6 8. 0-0 0-0 9. Re1 Be6 10. Bc2 Ng4 11. Re2 f5 12. exf5 Bxf5 13. Ne4 Ba7 14. Ng3 Bh7 15. h3 Nxf2 16. Rxf2 Bxf2+ 17. Kxf2 Qh4 18. Qe1 e4 19. dxe4 Ne5 20. Ke2 Nxf3 21. gxf3 d5 22. Nf5 Qxh3 23. Qg1 Bxf5 24. exf5 Rae8+ 25. Be3 Rf7 26. Re1 Rfe7 27. Kd2 Qxf3 28. Bxh6 Re2+ 29. Rxe2 Rxe2+ 30. Kc1 Rg2 31. Qe1 Re2 32. Qg1 Rg2 33. Qe1 Rxc2+ 34. Kxc2 Qxf5+ 35. Kb3 gxh6 36. Qg3+ Kf8 37. Qxc7 Qf7 38. Qd6+ Kg7 39. Qe5+ Kh7 1/2-1/2

[Event "Padova op-A 15th"]
[Site "Padova"]
[Date "2012.12.17"]
[Round "2"]
[White "Mosca, Leonildo"]
[Black "Kassel, Walter"]
[Result "1-0"]
[WhiteElo "2113"]
[BlackElo "1912"]
[PlyCount "103"]
[EventDate "2012.12.16"]
[EventType "swiss"]
[EventRounds "9"]
[EventCountry "ITA"]
[SourceTitle "EXT 2024"]
[Source "ChessBase"]
[SourceDate "2023.10.10"]
[SourceVersion "1"]
[SourceVersionDate "2023.10.10"]
[SourceQuality "1"]

1. e4 c5 2. Nf3 e6 3. c4 Nc6 4. Nc3 Nf6 5. Be2 Be7 6. 0-0 0-0 7. d4 cxd4 8. Nxd4 a6 9. Be3 Qc7 10. Rc1 Rd8 11. Nd5 exd5 12. cxd5 Nxe4 13. Qa4 Qa5 14. Qxa5 Nxa5 15. Nf5 Re8 16. Bb6 Bb4 17. Bd3 d6 18. Bxa5 Bxf5 19. Bxb4 Rad8 20. Rfe1 Bg6 21. Rc7 Nf6 22. Rxe8+ Rxe8 23. Bxg6 hxg6 24. Rxb7 Nxd5 25. Ba5 Rc8 26. g3 Rc5 27. Bb4 Nxb4 28. Rxb4 Kf8 29. Rb6 Ra5 30. a3 Ke7 31. Kf1 Kd7 32. Rb7+ Ke6 33. Ke2 g5 34. Rb4 Rb5 35. Rxb5 axb5 36. Kd3 Kd5 37. b3 Kc5 38. f3 Kd5 39. h3 Kc5 40. Ke4 g6 41. Ke3 f5 42. Kd3 Kd5 43. a4 Kc5 44. a5 b4 45. a6 Kb6 46. Kc4 Kxa6 47. Kxb4 Kb6 48. Kc4 g4 49. fxg4 fxg4 50. hxg4 Kc6 51. g5 d5+ 52. Kd4 1-0

[Event "Cavarzere op 15th"]
[Site "Cavarzere"]
[Date "2012.10.21"]
[Round "2"]
[White "Mosca, Leonildo"]
[Black "Zanirato, Stefano"]
[Result "1-0"]
[WhiteElo "2116"]
[BlackElo "1914"]
[PlyCount "77"]
[EventDate "2012.10.20"]
[EventType "swiss"]
[EventRounds "6"]
[EventCountry "ITA"]
[SourceTitle "EXT 2015"]
[Source "ChessBase"]
[SourceDate "2014.11.20"]
[SourceVersion "1"]
[SourceVersionDate "2014.11.20"]
[SourceQuality "1"]

1. e4 Nc6 2. Nf3 a6 3. d4 d5 4. exd5 Qxd5 5. Nc3 Qh5 6. Be2 Bg4 7. 0-0 0-0-0 8. h3 Bxf3 9. Bxf3 Qg6 10. Be3 h5 11. Qe2 e5 12. Bxc6 Qxc6 13. dxe5 Ne7 14. Rad1 Re8 15. Qd3 Ng6 16. f4 Bc5 17. Bxc5 Qxc5+ 18. Qd4 Qxd4+ 19. Rxd4 h4 20. Rfd1 Rd8 21. Kf2 Rxd4 22. Rxd4 Rd8 23. Rxd8+ Kxd8 24. Kf3 Kd7 25. Kg4 Kc6 26. Kg5 Ne7 27. f5 b5 28. f6 gxf6+ 29. Kxf6 b4 30. Ne2 Nc8 31. Kxf7 Kd5 32. e6 Nd6+ 33. Ke7 Nb7 34. Nf4+ Ke4 35. Nd3 a5 36. Kd7 Kd5 37. e7 Nd6 38. Kxc7 Ne8+ 39. Kb6 1-0

[Event "Cavarzere op 15th"]
[Site "Cavarzere"]
[Date "2012.10.20"]
[Round "1"]
[White "Rosina, Graziano"]
[Black "Mosca, Leonildo"]
[Result "0-1"]
[WhiteElo "1801"]
[BlackElo "2116"]
[PlyCount "112"]
[EventDate "2012.10.20"]
[EventType "swiss"]
[EventRounds "6"]
[EventCountry "ITA"]
[SourceTitle "EXT 2015"]
[Source "ChessBase"]
[SourceDate "2014.11.20"]
[SourceVersion "1"]
[SourceVersionDate "2014.11.20"]
[SourceQuality "1"]

1. Nf3 Nf6 2. c4 c5 3. Nc3 d5 4. cxd5 Nxd5 5. g3 e6 6. Bg2 Be7 7. 0-0 0-0 8. Ne5 Bf6 9. Ng4 Be7 10. Qb3 Nc6 11. Ne3 Nd4 12. Qd1 Nc7 13. Nc4 Rb8 14. d3 b5 15. Ne5 f6 16. Nc6 Nxc6 17. Bxc6 Bb7 18. Bxb7 Rxb7 19. Be3 Nd5 20. Qd2 Qd7 21. Nxd5 exd5 22. d4 c4 23. a3 Ra8 24. Qc2 a5 25. Bd2 Rba7 26. b3 Rc8 27. b4 c3 28. Be3 axb4 29. axb4 Bxb4 30. Qb3 Rc4 31. Ra2 Ra4 32. Rfa1 Rxa2 33. Rxa2 Qc6 34. Qc2 Bf8 35. h4 b4 36. h5 Qb7 37. Qb3 Qc6 38. Qc2 Qe6 39. Ra7 Qb6 40. Qa4 Rc7 41. Ra6 Qb7 42. Qa5 Rd7 43. Rb6 Qc7 44. Qb5 Rd8 45. Rc6 Qd7 46. Qa6 Rb8 47. Bf4 Re8 48. Rc7 Qe6 49. Qb7 Re7 50. Rxe7 Bxe7 51. h6 Qf7 52. Qa8+ Bf8 53. Bd6 c2 54. Qc8 c1Q+ 55. Qxc1 Bxd6 56. Qc8+ Bf8 0-1

[Event "Cavarzere op 14th"]
[Site "Cavarzere"]
[Date "2011.10.22"]
[Round "4.3"]
[White "Boscolo, Marco"]
[Black "Mosca, Leonildo"]
[Result "1-0"]
[WhiteElo "2166"]
[BlackElo "2122"]
[PlyCount "99"]
[EventDate "2011.10.15"]
[EventType "swiss"]
[EventRounds "6"]
[EventCountry "ITA"]
[SourceTitle "EXT 2023"]
[Source "ChessBase"]
[SourceDate "2022.10.05"]
[SourceVersion "1"]
[SourceVersionDate "2022.10.05"]
[SourceQuality "1"]

1. e4 Nf6 2. e5 Nd5 3. d4 d6 4. Nf3 dxe5 5. Nxe5 Nd7 6. Nf3 N7f6 7. Be2 Bg4 8. 0-0 e6 9. c4 Nb6 10. Be3 Be7 11. Nc3 0-0 12. Ne5 Bxe2 13. Qxe2 c6 14. Rad1 Nbd7 15. f4 Qc7 16. g4 Rad8 17. g5 Ne8 18. Ne4 f6 19. Nf3 Nd6 20. gxf6 Bxf6 21. Ng3 Nf5 22. Bf2 Rde8 23. Ne5 Bh4 24. b3 Rf6 25. Rd3 Nxe5 26. dxe5 Rg6 27. Kh1 Nxg3+ 28. hxg3 Be7 29. Rfd1 c5 30. Qe4 Rd8 31. Rxd8+ Bxd8 32. Kg2 Be7 33. Rd3 Kf7 34. f5 exf5 35. Qxf5+ Kg8 36. Rd7 Qc6+ 37. Rd5 Re6 38. Kg1 Rh6 39. Qd7 Qg6 40. Rd1 Qh5 41. Qd5+ Kf8 42. Rd3 Qh2+ 43. Kf1 Qh3+ 44. Ke2 Qg4+ 45. Qf3+ Qxf3+ 46. Kxf3 Ke8 47. Ke4 Rc6 48. Be3 Kf7 49. Rd7 Rb6 50. Bxc5 1-0

[Event "Cavarzere op 14th"]
[Site "Cavarzere"]
[Date "2011.10.16"]
[Round "2.4"]
[White "Aprile, Martino"]
[Black "Mosca, Leonildo"]
[Result "0-1"]
[WhiteElo "1847"]
[BlackElo "2122"]
[PlyCount "114"]
[EventDate "2011.10.15"]
[EventType "swiss"]
[EventRounds "6"]
[EventCountry "ITA"]
[SourceTitle "EXT 2023"]
[Source "ChessBase"]
[SourceDate "2022.10.05"]
[SourceVersion "1"]
[SourceVersionDate "2022.10.05"]
[SourceQuality "1"]

1. e4 Nf6 2. e5 Nd5 3. Na3 d6 4. Nc4 Nc6 5. exd6 exd6 6. Nf3 Be7 7. Be2 Nf4 8. Ne3 0-0 9. d4 Nxe2 10. Qxe2 Bf6 11. c3 Re8 12. h3 Bf5 13. 0-0 Qd7 14. Qb5 Be4 15. Nd2 a6 16. Qe2 Bg6 17. Qf3 Rad8 18. Qg3 Ne7 19. Nf3 Nf5 20. Nxf5 Bxf5 21. Be3 Re4 22. Rfe1 Rde8 23. Re2 Bg6 24. Ng5 Bxg5 25. Qxg5 f5 26. Rd2 Qf7 27. Bf4 h6 28. Qg3 Kh7 29. b3 Bh5 30. h4 R8e6 31. f3 Rg6 32. Qxg6+ Qxg6 33. fxe4 fxe4 34. Re1 Qg4 35. Bh2 Qxh4 36. Re3 Qg5 37. Kf2 Bg6 38. Rde2 c6 39. Kg1 Bh5 40. Re1 Bf3 41. g3 Qf5 42. Rf1 Qh3 43. Rf2 g5 44. Rb2 g4 45. Rf2 h5 46. c4 h4 47. Rd2 hxg3 48. d5 Kg7 49. Rxf3 gxh2+ 50. Rxh2 Qxh2+ 51. Kxh2 exf3 52. dxc6 bxc6 53. b4 Kf7 54. a4 Ke7 55. b5 cxb5 56. cxb5 axb5 57. a5 Kd7 0-1

[Event "Cavarzere op 14th"]
[Site "Cavarzere"]
[Date "2011.10.15"]
[Round "1.5"]
[White "Mosca, Leonildo"]
[Black "Lodici, Lorenzo"]
[Result "1-0"]
[WhiteElo "2122"]
[BlackElo "1723"]
[PlyCount "85"]
[EventDate "2011.10.15"]
[EventType "swiss"]
[EventRounds "6"]
[EventCountry "ITA"]
[SourceTitle "EXT 2023"]
[Source "ChessBase"]
[SourceDate "2022.10.05"]
[SourceVersion "1"]
[SourceVersionDate "2022.10.05"]
[SourceQuality "1"]

1. e4 c5 2. Nf3 d6 3. c3 Nf6 4. h3 Nc6 5. Bd3 e6 6. 0-0 Be7 7. Bc2 a6 8. d4 cxd4 9. cxd4 Nb4 10. Bb3 d5 11. e5 Nd7 12. a3 Nc6 13. Nc3 b5 14. Bc2 Bb7 15. Bf4 Rc8 16. Qd3 Na5 17. b3 Qc7 18. Bd2 Nc6 19. Rfc1 Nb6 20. Bb1 Qd7 21. Ne2 b4 22. a4 a5 23. Nh2 Qd8 24. Qg3 g5 25. Bd3 Kd7 26. Bb5 h5 27. Rc2 Qg8 28. Rac1 Qd8 29. Qd3 Na8 30. f4 gxf4 31. Nxf4 Qb6 32. Be3 Kd8 33. Qe2 Bg5 34. Nxe6+ fxe6 35. Bxg5+ Kd7 36. Qf2 Rhf8 37. Bf6 Rc7 38. Nf3 Rfc8 39. Qg3 Rb8 40. Qg7+ Ke8 41. Qg8+ Kd7 42. Qf7+ Kc8 43. Qe8+ 1-0

[Event "Bratto op 25th"]
[Site "Bratto"]
[Date "2005.08.27"]
[Round "8"]
[White "Salami, Marco"]
[Black "Mosca, Leonildo"]
[Result "0-1"]
[WhiteElo "2221"]
[BlackElo "2115"]
[PlyCount "152"]
[EventDate "2005.08.20"]
[EventType "swiss"]
[EventRounds "9"]
[EventCountry "ITA"]
[SourceTitle "CBM 108 Extra"]
[Source "ChessBase"]
[SourceDate "2005.11.04"]
[SourceVersion "1"]
[SourceVersionDate "2005.11.04"]
[SourceQuality "1"]

1. e4 Nf6 2. e5 Nd5 3. d4 d6 4. c4 Nb6 5. exd6 exd6 6. Nc3 Be7 7. Be3 0-0 8. Be2 Nc6 9. Rc1 Re8 10. Nf3 Bg4 11. b3 Bf6 12. 0-0 d5 13. c5 Nc8 14. b4 a6 15. Qb3 N8e7 16. Rfd1 h6 17. h3 Be6 18. Bd3 Qd7 19. a3 Red8 20. Ne2 Nf5 21. Bxf5 Bxf5 22. Ng3 Bg6 23. Bf4 Re8 24. Rd2 Re6 25. Rcd1 Rae8 26. Qc3 Bd8 27. a4 Bf6 28. Rb2 Na7 29. Qb3 c6 30. Be5 Bxe5 31. Nxe5 Qe7 32. Rf1 Bh7 33. f4 Qh4 34. Kh2 f6 35. f5 R6e7 36. Nf3 Qf4 37. Qd3 Re3 38. Qc2 h5 39. h4 R8e4 40. Qf2 Bxf5 41. Kg1 Re8 42. Ne5 Qxg3 43. Qxf5 R3xe5 44. dxe5 Qxe5 45. Qf2 Qe4 46. Rbb1 Qe3 47. Rfe1 Qxf2+ 48. Kxf2 Rxe1 49. Rxe1 Kf7 50. Kf3 Nc8 51. Rb1 Na7 52. g4 hxg4+ 53. Kxg4 g6 54. Rb2 Ke6 55. Re2+ Kf7 56. h5 gxh5+ 57. Kxh5 Nc8 58. Rb2 b5 59. Kg4 Ne7 60. Re2 Ng6 61. axb5 axb5 62. Ra2 Ke6 63. Re2+ Ne5+ 64. Kf4 d4 65. Ke4 d3 66. Ra2 f5+ 67. Kd4 d2 68. Ra1 Nc4 69. Kc3 f4 70. Kc2 f3 71. Kd1 Ke5 72. Ra8 f2 73. Re8+ Kd4 74. Rd8+ Kc3 75. Rd3+ Kxb4 76. Rf3 f1Q+ 0-1

[Event "Jesolo op"]
[Site "Jesolo"]
[Date "1999.??.??"]
[Round "1"]
[White "Mosca, Leonildo"]
[Black "Borgo, Giulio"]
[Result "0-1"]
[WhiteElo "2102"]
[BlackElo "2444"]
[PlyCount "60"]
[EventDate "1999.??.??"]
[EventType "swiss"]
[EventRounds "6"]
[EventCountry "ITA"]
[SourceTitle "EXT 2001"]
[Source "ChessBase"]
[SourceDate "2000.11.22"]
[SourceVersion "1"]
[SourceVersionDate "2000.11.22"]
[SourceQuality "1"]

1. e4 c5 2. Nf3 e6 3. d4 cxd4 4. Nxd4 Nc6 5. Nb5 d6 6. c4 Nf6 7. N1c3 a6 8. Na3 b6 9. Be2 Bb7 10. 0-0 Nb8 11. Be3 Nbd7 12. f3 Be7 13. Nc2 0-0 14. Qd2 Qc7 15. Rac1 Rac8 16. Ne1 Qb8 17. b3 Rfe8 18. Nd3 Rcd8 19. Nf4 Bc6 20. a4 Nc5 21. Qc2 d5 22. cxd5 exd5 23. Nfxd5 Bxd5 24. Nxd5 Nxd5 25. exd5 Bd6 26. Bxc5 Bxh2+ 27. Kh1 bxc5 28. Bc4 Bg3 29. Qf5 Rd6 30. Rc2 Re5 0-1